[Event "Senior DM 65+ 2024"]
[Site "Aarhus"]
[Date "2024.02.13"]
[Round "2.7"]
[White "Norregaard, Claus"]
[Black "Hewson, Brian"]
[Result "0-1"]
[WhiteElo "1899"]
[BlackElo "2020"]
[PlyCount "140"]
[EventDate "2024.02.12"]
[EventType "swiss"]
[EventRounds "7"]
[EventCountry "DEN"]
[SourceTitle "Live v. Thomas Vestergaard"]

1. e4 c6 2. d4 d5 3. f3 e6 4. e5 c5 5. c3 Qb6 6. f4 Bd7 7. Nf3 Nc6 8. Be2 cxd4 9. cxd4 Nh6 10. Nc3 Nf5 11. Na4 Qa5+ 12. Bd2 Bb4 13. Bxb4 Qxb4+ 14. Kf2 Ncxd4 15. Nc3 Nxf3 16. Kxf3 Nd4+ 17. Kg3 Nxe2+ 18. Qxe2 O-O 19. Rac1 Rac8 20. Rhd1 f6 21. a3 Qe7 22. Rd4 fxe5 23. Qxe5 Qf6 24. Re1 Qxe5 25. Rxe5 Rcd8 26. Kf3 g6 27. g3 Kf7 28. h4 h5 29. Re1 Bc6 30. Ke3 Ke7 31. Ne2 Bb5 32. Rc1 Bxe2 33. Kxe2 Rc8 34. Rxc8 Rxc8 35. Kd2 Kd6 36. Rd3 Rc7 37. Re3 Rf7 38. Ke2 Rf5 39. Kd2 e5 40. fxe5+ Rxe5 41. Rf3 Rf5 42. Rb3 b6 43. Ke2 d4 44. a4 Kc5 45. Rd3 Re5+ 46. Kd2 Kc4 47. b3+ Kc5 48. Rf3 Rf5 49. Rd3 Rf2+ 50. Ke1 Rf6 51. Ke2 a5 52. Ke1 Kd5 53. Ke2 Ke4 54. Rd1 Rc6 55. Kd2 Rc3 56. Rf1 Rxg3 57. Rf6 Rxb3 58. Rxg6 Rb2+ 59. Kc1 Rb4 60. Rh6 Kd3 61. Rxh5 Rxa4 62. Rb5 Ra1+ 63. Kb2 Rh1 64. h5 Kd2 65. Rxb6 Rxh5 66. Rg6 Rb5+ 67. Ka3 d3 68. Rg2+ Kc1 69. Rg1+ Kc2 70. Rg8 Rc5 0-1

[Event "Senior DM 65+ 2024"]
[Site "Aarhus"]
[Date "2024.02.13"]
[Round "2.8"]
[White "Kristensen, Lars Ostergaard"]
[Black "Andreasen, Per Naesby"]
[Result "0-1"]
[WhiteElo "1585"]
[BlackElo "2203"]
[PlyCount "62"]
[EventDate "2024.02.12"]
[EventType "swiss"]
[EventRounds "7"]
[EventCountry "DEN"]
[SourceTitle "Live v. Thomas Vestergaard"]

1. d4 g6 2. e3 Bg7 3. c3 Nf6 4. f4 b6 5. Be2 Bb7 6. Nf3 O-O 7. O-O c5 8. Qc2 d6 9. Bd2 Nbd7 10. Be1 e5 11. fxe5 dxe5 12. Nxe5 Nxe5 13. dxe5 Nd5 14. Bf2 Bxe5 15. Nd2 Qe7 16. e4 Nf4 17. Bf3 Ba6 18. Rfd1 Bd3 19. Qa4 Qg5 20. Bg3 Ne2+ 21. Bxe2 Bxe2 22. Bxe5 Bxd1 23. Rxd1 Qxe5 24. Nf3 Qf4 25. Qd7 Qxe4 26. Re1 Qc2 27. Ng5 Rad8 28. Qh3 h5 29. g4 Rd1 30. Qe3 Rxe1+ 31. Qxe1 Rd8 0-1

[Event "Senior DM 65+ 2024"]
[Site "Aarhus"]
[Date "2024.02.13"]
[Round "2.9"]
[White "Johnsen, Oystein"]
[Black "Madsen, Svend Aage"]
[Result "1/2-1/2"]
[WhiteElo "1820"]
[BlackElo "1981"]
[PlyCount "82"]
[EventDate "2024.02.12"]
[EventType "swiss"]
[EventRounds "7"]
[EventCountry "DEN"]
[SourceTitle "Live v. Thomas Vestergaard"]

1. d4 d5 2. Nf3 Nf6 3. c4 c6 4. cxd5 cxd5 5. Nc3 Nc6 6. Bf4 Qa5 7. e3 Bg4 8. Be2 e6 9. O-O Be7 10. a3 a6 11. b4 Qd8 12. Rc1 Nh5 13. Be5 Nxe5 14. Nxe5 Bxe2 15. Qxe2 Nf6 16. Rc2 O-O 17. Rfc1 Bd6 18. f4 b5 19. Nd3 Nd7 20. Nc5 Nb6 21. Ra1 Nc4 22. Rca2 Bxc5 23. bxc5 Qd7 24. Rb1 Rfb8 25. Kf2 Kf8 26. Qd1 Qe7 27. g3 Qc7 28. Qc1 f5 29. Nd1 Rb7 30. Nb2 Rab8 31. Nd3 g6 32. Nb4 Ra8 33. Qc2 a5 34. Nd3 Rab8 35. Nc1 Qc6 36. Kf3 Ra8 37. Nd3 Rab8 38. Ne5 Nxe5+ 39. fxe5 Kg7 40. Qe2 h6 41. Rab2 Kf7 1/2-1/2

[Event "Senior DM 65+ 2024"]
[Site "Aarhus"]
[Date "2024.02.13"]
[Round "2.10"]
[White "Christiansen, Arne"]
[Black "Gam, Soren"]
[Result "1-0"]
[WhiteElo "1902"]
[BlackElo "1368"]
[PlyCount "85"]
[EventDate "2024.02.12"]
[EventType "swiss"]
[EventRounds "7"]
[EventCountry "DEN"]
[SourceTitle "Live v. Thomas Vestergaard"]

1. d4 Nf6 2. c4 g6 3. Nc3 Bg7 4. e4 O-O 5. Nf3 d6 6. Be2 e5 7. O-O Nc6 8. d5 Ne7 9. Ne1 Nd7 10. Be3 f5 11. f3 f4 12. Bf2 g5 13. Nd3 h5 14. c5 Nf6 15. cxd6 cxd6 16. Rc1 Bd7 17. Qb3 b6 18. Nxe5 Nxe4 19. Nxe4 Bxe5 20. Nxg5 Nf5 21. Ne6 Bxe6 22. dxe6 Kh8 23. Kh1 Rg8 24. Rg1 Ng3+ 25. Bxg3 fxg3 26. h3 Qe7 27. Bc4 Raf8 28. Bd5 Bd4 29. Rge1 Rf5 30. Rcd1 Be5 31. Qc2 Rgf8 32. b3 R5f6 33. Qc6 Rxe6 34. Bxe6 Qxe6 35. Qe4 Qf5 36. Qxf5 Rxf5 37. Kg1 Kg7 38. Kf1 Rf7 39. Re4 Rc7 40. Rc4 Rf7 41. Ke2 Kg6 42. Ke3 Re7 43. f4 1-0

[Event "Senior DM 65+ 2024"]
[Site "Aarhus"]
[Date "2024.02.13"]
[Round "2.11"]
[White "Mortensen, Steen Juul"]
[Black "Andersen, Villy Abildgaard"]
[Result "1-0"]
[WhiteElo "1837"]
[BlackElo "1602"]
[PlyCount "75"]
[EventDate "2024.02.12"]
[EventType "swiss"]
[EventRounds "7"]
[EventCountry "DEN"]
[SourceTitle "Live v. Thomas Vestergaard"]

1. d4 d5 2. Nf3 Nf6 3. c4 e6 4. g3 c6 5. Bg2 Be7 6. O-O O-O 7. Nc3 Nbd7 8. Qc2 Re8 9. Rd1 Qc7 10. e4 dxe4 11. Nxe4 Nxe4 12. Qxe4 Nf6 13. Qc2 b6 14. Bf4 Bd6 15. Bxd6 Qxd6 16. Ne5 Bb7 17. Rac1 Qc7 18. Nd3 Rad8 19. Qc3 Rd7 20. b4 Rc8 21. a4 Qd8 22. Ne5 Rdc7 23. c5 Nd5 24. Qa3 Qe8 25. Nc4 g6 26. Nd6 Qd7 27. Nxc8 Rxc8 28. Qb3 Ba6 29. Bxd5 exd5 30. Re1 Kf8 31. Re3 Bc4 32. Qb2 Kg7 33. Rce1 Rf8 34. Re7 Qc8 35. Qd2 b5 36. axb5 Bxb5 37. Qf4 a6 38. Kg2 1-0

[Event "Senior DM 65+ 2024"]
[Site "Aarhus"]
[Date "2024.02.13"]
[Round "2.12"]
[White "Sorensson, Dan"]
[Black "Nielsen, Ib"]
[Result "1/2-1/2"]
[WhiteElo "1709"]
[BlackElo "1900"]
[PlyCount "53"]
[EventDate "2024.02.12"]
[EventType "swiss"]
[EventRounds "7"]
[EventCountry "DEN"]
[SourceTitle "Live v. Thomas Vestergaard"]

1. d4 Nf6 2. Nf3 g6 3. Nc3 d5 4. Bf4 c6 5. e3 Bg7 6. h3 O-O 7. Bd3 Nbd7 8. O-O Re8 9. e4 dxe4 10. Bxe4 Nxe4 11. Nxe4 Nf6 12. Nxf6+ Bxf6 13. Be5 Bxe5 14. dxe5 Qb6 15. b3 Bf5 16. Qe2 Rad8 17. Rfd1 Qc5 18. c4 a5 19. Rxd8 Rxd8 20. Rd1 Rxd1+ 21. Qxd1 Be4 22. Qe2 Bxf3 23. gxf3 Qd4 24. Kg2 Kg7 25. Kg3 h6 26. f4 e6 27. Kf3 1/2-1/2

[Event "Senior DM 65+ 2024"]
[Site "Aarhus"]
[Date "2024.02.13"]
[Round "2.13"]
[White "Korsgaard, Christian"]
[Black "Bjornes, Leif"]
[Result "1/2-1/2"]
[WhiteElo "1709"]
[BlackElo "1826"]
[PlyCount "50"]
[EventDate "2024.02.12"]
[EventType "swiss"]
[EventRounds "7"]
[EventCountry "DEN"]
[SourceTitle "Live v. Thomas Vestergaard"]

1. e4 c6 2. d4 d5 3. exd5 cxd5 4. c4 Nf6 5. Nf3 g6 6. Be2 Bg7 7. Nc3 O-O 8. O-O Nc6 9. Be3 b6 10. Qd2 Bb7 11. cxd5 Nxd5 12. Bh6 Rc8 13. Bxg7 Kxg7 14. Rfd1 e6 15. h4 Nf6 16. Qf4 Ne7 17. g4 Ned5 18. Qe5 Nxc3 19. bxc3 Qc7 20. Rac1 Qxe5 21. Nxe5 Rfd8 22. g5 Nd5 23. Bf3 Rxc3 24. Bxd5 Rxc1 25. Rxc1 Bxd5 1/2-1/2

[Event "Senior DM 65+ 2024"]
[Site "Aarhus"]
[Date "2024.02.13"]
[Round "2.14"]
[White "Gottschalck, Christian"]
[Black "Westenvind, Allan"]
[Result "1-0"]
[WhiteElo "1684"]
[BlackElo "1820"]
[PlyCount "85"]
[EventDate "2024.02.12"]
[EventType "swiss"]
[EventRounds "7"]
[EventCountry "DEN"]
[SourceTitle "Live v. Thomas Vestergaard"]

1. e4 d5 2. Nc3 d4 3. Nce2 c5 4. Ng3 Nf6 5. Nf3 Nc6 6. Bb5 Qb6 7. Be2 e5 8. d3 h6 9. O-O Be6 10. c4 dxc3 11. bxc3 Qc7 12. Qc2 Rc8 13. h3 g6 14. Be3 h5 15. Rfc1 Qa5 16. Qb2 h4 17. Nf1 Bd7 18. N1d2 Qc7 19. Nc4 b5 20. Ncd2 Ng8 21. d4 exd4 22. cxd4 Bg7 23. Rxc5 a6 24. e5 Bf8 25. Rcc1 Be6 26. Ne4 Bd5 27. Nc5 Bxc5 28. Rxc5 Nge7 29. Bg5 Qd7 30. Nxh4 Nf5 31. Nxf5 gxf5 32. Bf4 Qe6 33. Rac1 Rg8 34. Bf1 Kd7 35. Qd2 Rg6 36. R1c3 Rcg8 37. g3 Rh8 38. Kh2 Rg7 39. Rxd5+ Qxd5 40. Bg2 Rxh3+ 41. Kxh3 Rh7+ 42. Bh6 Qxd4 43. Bxc6+ 1-0

[Event "Senior DM 65+ 2024"]
[Site "Aarhus"]
[Date "2024.02.13"]
[Round "2.15"]
[White "Fjordside, Arne Dan"]
[Black "Lavrsen, Frands Winther"]
[Result "0-1"]
[WhiteElo "1805"]
[BlackElo "1691"]
[PlyCount "50"]
[EventDate "2024.02.12"]
[EventType "swiss"]
[EventRounds "7"]
[EventCountry "DEN"]
[SourceTitle "Live v. Thomas Vestergaard"]

1. d4 d5 2. Bf4 Nf6 3. e3 Bf5 4. Nf3 e6 5. a3 Bd6 6. Bg3 O-O 7. c4 dxc4 8. Bxc4 Nbd7 9. Nc3 a6 10. Rc1 Qe7 11. b4 Rfd8 12. O-O Bxg3 13. hxg3 b5 14. Be2 c5 15. dxc5 Nxc5 16. Nd4 Nce4 17. Bf3 Rac8 18. Nxe4 Bxe4 19. Qb3 Qb7 20. Qb2 h6 21. Rfd1 Bxf3 22. Nxf3 Rxc1 23. Qxc1 Rxd1+ 24. Qxd1 Qd5 25. Nd4 e5 0-1

[Event "Senior DM 65+ 2024"]
[Site "Aarhus"]
[Date "2024.02.13"]
[Round "2.16"]
[White "Pilgaard, Johannes"]
[Black "Meldgaard, Frode"]
[Result "1/2-1/2"]
[WhiteElo "1648"]
[BlackElo "1798"]
[PlyCount "44"]
[EventDate "2024.02.12"]
[EventType "swiss"]
[EventRounds "7"]
[EventCountry "DEN"]
[SourceTitle "Live v. Thomas Vestergaard"]

1. e4 e5 2. Nc3 Nf6 3. f4 d6 4. Nf3 Bg4 5. Be2 Bxf3 6. Bxf3 Nc6 7. O-O Be7 8. fxe5 dxe5 9. d3 Nd4 10. Bg5 c6 11. Kh1 Qd6 12. Bxf6 Bxf6 13. Bg4 O-O 14. Ne2 Nxe2 15. Qxe2 g6 16. Rf2 Bg7 17. Raf1 Rad8 18. Qe3 Qd4 19. Qxd4 Rxd4 20. Be2 c5 21. b3 a6 22. a4 a5 1/2-1/2

[Event "Senior DM 65+ 2024"]
[Site "Aarhus"]
[Date "2024.02.13"]
[Round "2.17"]
[White "Poulsen, Knud"]
[Black "Markussen, Benno Orvad"]
[Result "1-0"]
[WhiteElo "1780"]
[BlackElo "1677"]
[PlyCount "51"]
[EventDate "2024.02.12"]
[EventType "swiss"]
[EventRounds "7"]
[EventCountry "DEN"]
[SourceTitle "Live v. Thomas Vestergaard"]

1. c4 Nf6 2. Nc3 g6 3. g3 Bg7 4. Bg2 d6 5. e4 e5 6. Nge2 O-O 7. O-O Nh5 8. d3 Nc6 9. Nd5 Ne7 10. Ne3 c6 11. Kh1 f5 12. f4 exf4 13. Nxf4 Nxf4 14. gxf4 Be6 15. Qc2 c5 16. a3 Rb8 17. Rb1 Nc6 18. Qd1 Nd4 19. b4 b6 20. b5 Qh4 21. exf5 Nxf5 22. Nxf5 Rxf5 23. Qe1 Qxe1 24. Rxe1 Bd7 25. Re7 Rf7 26. Bd5 1-0

[Event "Senior DM 65+ 2024"]
[Site "Aarhus"]
[Date "2024.02.13"]
[Round "2.18"]
[White "Bohnstedt, Michael"]
[Black "Iversen, Flemming Pagh"]
[Result "0-1"]
[WhiteElo "1439"]
[BlackElo "1744"]
[PlyCount "64"]
[EventDate "2024.02.12"]
[EventType "swiss"]
[EventRounds "7"]
[EventCountry "DEN"]
[SourceTitle "Live v. Thomas Vestergaard"]

1. e4 g6 2. d4 Bg7 3. Nc3 d6 4. Bc4 a6 5. Be3 Nc6 6. a3 Nf6 7. h3 e5 8. d5 Nd4 9. Bxd4 exd4 10. Qxd4 O-O 11. Qd3 Nd7 12. Nf3 Nc5 13. Qe2 Re8 14. O-O Bxc3 15. bxc3 Rxe4 16. Qd2 Rxc4 17. Nd4 Qf6 18. Qe2 Rxc3 19. Qe8+ Kg7 20. Rad1 Qg5 21. f4 Qg3 22. Rf3 Rxf3 23. Nxf3 Bxh3 24. Qe2 Bg4 25. Rf1 Qxf4 26. Qe7 Bxf3 27. Rxf3 Qd4+ 28. Rf2 Qxd5 29. Qf6+ Kg8 30. Re2 Ne4 31. Qh4 Re8 32. g3 Qd1+ 0-1

[Event "Senior DM 65+ 2024"]
[Site "Aarhus"]
[Date "2024.02.13"]
[Round "2.19"]
[White "Andersson, Finn"]
[Black "Lauritzen, Vagn"]
[Result "1-0"]
[WhiteElo "1711"]
[BlackElo "1553"]
[PlyCount "49"]
[EventDate "2024.02.12"]
[EventType "swiss"]
[EventRounds "7"]
[EventCountry "DEN"]
[SourceTitle "Live v. Thomas Vestergaard"]

1. e4 e6 2. d3 c5 3. g3 Nc6 4. Bg2 d6 5. f4 g6 6. c3 Bg7 7. Be3 Qc7 8. Na3 a6 9. Ne2 b5 10. O-O Bb7 11. Nc2 Nf6 12. h3 Ne7 13. g4 c4 14. Ng3 Rd8 15. f5 d5 16. e5 Nd7 17. f6 Nxe5 18. fxg7 Rg8 19. d4 Nd3 20. Ne2 Nxb2 21. Qd2 Nd3 22. Ne1 Nxe1 23. Raxe1 Nc8 24. Bf4 Qe7 25. Bg5 1-0

[Event "Senior DM 65+ 2024"]
[Site "Aarhus"]
[Date "2024.02.14"]
[Round "3.1"]
[White "Hewson, Brian"]
[Black "Knudsen, Per"]
[Result "1/2-1/2"]
[WhiteElo "2020"]
[BlackElo "2223"]
[PlyCount "23"]
[EventDate "2024.02.12"]
[EventType "swiss"]
[EventRounds "7"]
[EventCountry "DEN"]
[SourceTitle "Live v. Thomas Vestergaard"]

1. d4 d5 2. Nf3 Nf6 3. c4 c6 4. e3 e6 5. Bd3 Nbd7 6. Nbd2 Bd6 7. e4 dxe4 8. Nxe4 Nxe4 9. Bxe4 Nf6 10. Bc2 Qa5+ 11. Bd2 Bb4 12. O-O 1/2-1/2

[Event "Senior DM 65+ 2024"]
[Site "Aarhus"]
[Date "2024.02.14"]
[Round "3.2"]
[White "Andersen, Lars Christoff"]
[Black "Alkaersig, Ole"]
[Result "1-0"]
[WhiteElo "1932"]
[BlackElo "2178"]
[PlyCount "109"]
[EventDate "2024.02.12"]
[EventType "swiss"]
[EventRounds "7"]
[EventCountry "DEN"]
[SourceTitle "Live v. Thomas Vestergaard"]

1. c4 e6 2. g3 d5 3. Bg2 Nf6 4. Nf3 c5 5. O-O Nc6 6. cxd5 exd5 7. d4 Be7 8. Nbd2 O-O 9. dxc5 Bxc5 10. Nb3 Bb6 11. Nbd4 Re8 12. b3 Ne4 13. Bb2 Bg4 14. Nxc6 bxc6 15. Rc1 Qd6 16. Nd4 Bd7 17. Qd3 Rad8 18. Rc2 c5 19. Nb5 Qh6 20. Bc1 Qh5 21. Bf3 Bg4 22. Bxg4 Qxg4 23. Kg2 Ng5 24. Bxg5 Qxg5 25. Nc3 Qe5 26. Na4 Rc8 27. Rfc1 Qd6 28. b4 c4 29. Rxc4 Rxc4 30. Rxc4 Qe6 31. Rc2 h5 32. Nc5 Qg4 33. a3 Rd8 34. Qf3 Qg6 35. Rd2 Qc6 36. Nd3 Qc3 37. Rd1 g6 38. Nf4 Qxf3+ 39. Kxf3 d4 40. Rc1 Kg7 41. a4 Rd7 42. a5 Bd8 43. Nd3 Rb7 44. Rc4 Bf6 45. Nc5 Rb5 46. Ke4 h4 47. f4 hxg3 48. hxg3 Rb8 49. Kd3 Rd8 50. Ne4 Be7 51. b5 Rd5 52. b6 axb6 53. axb6 Rb5 54. Rc7 Rb3+ 55. Kc2 1-0

[Event "Senior DM 65+ 2024"]
[Site "Aarhus"]
[Date "2024.02.14"]
[Round "3.3"]
[White "Andreasen, Per Naesby"]
[Black "Pedersen, Karsten Nymann"]
[Result "1-0"]
[WhiteElo "2203"]
[BlackElo "2065"]
[PlyCount "69"]
[EventDate "2024.02.12"]
[EventType "swiss"]
[EventRounds "7"]
[EventCountry "DEN"]
[SourceTitle "Live v. Thomas Vestergaard"]

1. c4 c5 2. g3 Nf6 3. Bg2 e6 4. Nf3 Nc6 5. O-O d5 6. cxd5 exd5 7. d4 Be7 8. b3 O-O 9. Bb2 Re8 10. Nc3 Bf5 11. Rc1 Ne4 12. dxc5 Nxc3 13. Bxc3 Bxc5 14. Bb2 Bb6 15. e3 Nb4 16. Nh4 Be4 17. Bxe4 Rxe4 18. Nf5 Nxa2 19. Ra1 Nb4 20. Nxg7 d4 21. Nh5 Qg5 22. Qf3 Re6 23. Bxd4 Bxd4 24. exd4 Rb6 25. Rfc1 Nc6 26. Rc5 Qg6 27. Nf6+ Kh8 28. Nd5 Nxd4 29. Qd1 Qe4 30. Nxb6 Rd8 31. Rd5 Rxd5 32. Nxd5 Nf3+ 33. Kg2 Ne1+ 34. Kf1 Nc2 35. Ra4 1-0

[Event "Senior DM 65+ 2024"]
[Site "Aarhus"]
[Date "2024.02.14"]
[Round "3.4"]
[White "Thuesen, Mogens Henrik"]
[Black "Gronhoj, Benny"]
[Result "1/2-1/2"]
[WhiteElo "2158"]
[BlackElo "1934"]
[PlyCount "122"]
[EventDate "2024.02.12"]
[EventType "swiss"]
[EventRounds "7"]
[EventCountry "DEN"]
[SourceTitle "Live v. Thomas Vestergaard"]

1. d4 Nf6 2. c4 d6 3. Nc3 c6 4. Nf3 Bf5 5. g3 Qc7 6. Bg2 Nbd7 7. O-O e5 8. h3 h6 9. Nh4 Bh7 10. e4 g6 11. Be3 Bg7 12. d5 O-O 13. dxc6 bxc6 14. Qd2 Nb6 15. b3 g5 16. Nf5 Bxf5 17. exf5 Rad8 18. Rac1 Qd7 19. c5 Nc8 20. cxd6 Qxf5 21. Qc2 Nxd6 22. Bxa7 e4 23. Bb6 Rd7 24. Na4 Nd5 25. Bc5 Re8 26. Rfe1 Qe5 27. Bxd6 Qxd6 28. Rxe4 Rxe4 29. Qxe4 Re7 30. Qd3 Qb4 31. Bxd5 cxd5 32. Qxd5 Bd4 33. Qa8+ Kg7 34. Qf3 Qd2 35. Rd1 Bxf2+ 36. Kg2 Qxa2 37. Nc3 Qc2 38. Qd3 Qxd3 39. Rxd3 Ba7 40. g4 Rb7 41. Ne4 Rb4 42. Nd6 Bb8 43. Nf5+ Kg6 44. Ne7+ Kg7 45. Nd5 Re4 46. Kf3 Re1 47. Ne3 Kg6 48. b4 h5 49. b5 Rh1 50. Rd8 Rxh3+ 51. Ke4 Ba7 52. gxh5+ Kh7 53. Nd5 Rb3 54. Kf5 Rxb5 55. Kxg5 Bd4 56. Rd7 Bg7 57. Kg4 Kh6 58. Rd6+ Kh7 59. Ne3 Rb4+ 60. Kf3 Rb3 61. Ke4 Rb4+ 1/2-1/2

[Event "Senior DM 65+ 2024"]
[Site "Aarhus"]
[Date "2024.02.14"]
[Round "3.5"]
[White "Mikkelsen, Peter Jorgen Dam"]
[Black "Christiansen, Arne"]
[Result "1/2-1/2"]
[WhiteElo "2095"]
[BlackElo "1902"]
[PlyCount "91"]
[EventDate "2024.02.12"]
[EventType "swiss"]
[EventRounds "7"]
[EventCountry "DEN"]
[SourceTitle "Live v. Thomas Vestergaard"]

1. c4 Nf6 2. d4 g6 3. Nc3 Bg7 4. e4 d6 5. Bg5 O-O 6. f3 Nbd7 7. Qd2 c6 8. Bd3 Qc7 9. Nge2 a6 10. O-O c5 11. d5 Ne5 12. f4 Nxd3 13. Qxd3 Rb8 14. a4 b6 15. Rfe1 Re8 16. Ng3 Ng4 17. Nge2 Bd7 18. h3 Nh6 19. Qd2 f6 20. Bh4 Nf7 21. Ra3 b5 22. axb5 axb5 23. cxb5 Bxb5 24. Nd1 Bxe2 25. Qxe2 Rb4 26. Bf2 Reb8 27. h4 Qd7 28. Rg3 Kh8 29. h5 g5 30. f5 Ne5 31. Rc3 Qb5 32. Bg3 Nc4 33. Nf2 Nxb2 34. h6 Bf8 35. Qh5 Qe8 36. Qh2 Na4 37. Rcc1 Nb6 38. e5 dxe5 39. Bxe5 fxe5 40. Qxe5+ Kg8 41. d6 Nc8 42. Ne4 Rxe4 43. Qxe4 Nxd6 44. Qe5 Qf7 45. Rxc5 Bxh6 46. Qxe7 1/2-1/2

[Event "Senior DM 65+ 2024"]
[Site "Aarhus"]
[Date "2024.02.14"]
[Round "3.6"]
[White "McAndrew, Robert"]
[Black "Jensen, Henrik Tranberg"]
[Result "1/2-1/2"]
[WhiteElo "1898"]
[BlackElo "1973"]
[PlyCount "109"]
[EventDate "2024.02.12"]
[EventType "swiss"]
[EventRounds "7"]
[EventCountry "DEN"]
[SourceTitle "Live v. Thomas Vestergaard"]

1. c4 Nf6 2. g3 g6 3. Bg2 Bg7 4. Nc3 c5 5. Nf3 Nc6 6. O-O d6 7. a3 O-O 8. d3 e5 9. Rb1 a5 10. Bg5 h6 11. Bd2 Be6 12. Ne1 Nh5 13. Nd5 f5 14. f4 exf4 15. gxf4 Kh7 16. e3 Re8 17. Bf3 Nf6 18. Ng2 Bf7 19. Qb3 Rb8 20. Rbe1 Nxd5 21. cxd5 b5 22. Qc2 Ne7 23. e4 b4 24. axb4 axb4 25. Ra1 Ra8 26. Kh1 Ra5 27. Ne3 Qa8 28. Rxa5 Qxa5 29. b3 Ra8 30. Nc4 Qa6 31. Be3 Bc3 32. Qg2 Rd8 33. h3 Qc8 34. Rf2 Qc7 35. Ra2 Nc8 36. Ra6 Be8 37. Ra2 Nb6 38. Kh2 Nxc4 39. dxc4 Qe7 40. Bf2 Rd7 41. Re2 Qf8 42. Bg3 Re7 43. exf5 gxf5 44. Rxe7+ Qxe7 45. Qe2 Qxe2+ 46. Bxe2 Bd2 47. Bd3 Bg6 48. Kg2 Kg7 49. Kf2 Kf7 50. Be2 Bc3 51. Ke3 Bd4+ 52. Kd3 h5 53. Bh4 Bf6 54. Bxf6 Kxf6 55. h4 1/2-1/2

[Event "Senior DM 65+ 2024"]
[Site "Aarhus"]
[Date "2024.02.14"]
[Round "3.7"]
[White "Holst, Per"]
[Black "Mortensen, Steen Juul"]
[Result "1/2-1/2"]
[WhiteElo "2101"]
[BlackElo "1837"]
[PlyCount "29"]
[EventDate "2024.02.12"]
[EventType "swiss"]
[EventRounds "7"]
[EventCountry "DEN"]
[SourceTitle "Live v. Thomas Vestergaard"]

1. d4 Nf6 2. c4 g6 3. Nc3 Bg7 4. e4 d6 5. f3 O-O 6. Be3 e5 7. d5 Nh5 8. Qd2 f5 9. O-O-O a6 10. Bd3 c5 11. Nge2 b5 12. cxb5 axb5 13. Bxb5 Bd7 14. Kb1 Qa5 15. Bc4 1/2-1/2

[Event "Senior DM 65+ 2024"]
[Site "Aarhus"]
[Date "2024.02.14"]
[Round "3.8"]
[White "Nielsen, Christian Volmer"]
[Black "Andersson, Finn"]
[Result "1-0"]
[WhiteElo "1993"]
[BlackElo "1711"]
[PlyCount "47"]
[EventDate "2024.02.12"]
[EventType "swiss"]
[EventRounds "7"]
[EventCountry "DEN"]
[SourceTitle "Live v. Thomas Vestergaard"]

1. e4 e6 2. d4 d5 3. e5 c5 4. c3 Nc6 5. Nf3 Qb6 6. a3 c4 7. Nbd2 Na5 8. g3 Bd7 9. Rb1 Rc8 10. Bh3 Be7 11. O-O Nb3 12. Nxb3 cxb3 13. Be3 Bb5 14. Re1 Bc4 15. Nd2 Bd3 16. Rc1 Bc2 17. Qe2 Qc7 18. f4 Nh6 19. Nxb3 Bxb3 20. Qb5+ Qd7 21. Qxb3 O-O 22. g4 g6 23. f5 exf5 24. Bxh6 1-0

[Event "Senior DM 65+ 2024"]
[Site "Aarhus"]
[Date "2024.02.14"]
[Round "3.9"]
[White "Madsen, Svend Aage"]
[Black "Gottschalck, Christian"]
[Result "1-0"]
[WhiteElo "1981"]
[BlackElo "1684"]
[PlyCount "39"]
[EventDate "2024.02.12"]
[EventType "swiss"]
[EventRounds "7"]
[EventCountry "DEN"]
[SourceTitle "Live v. Thomas Vestergaard"]

1. e4 d5 2. exd5 Nf6 3. d4 Bg4 4. Nf3 Qxd5 5. Be2 Nc6 6. O-O O-O-O 7. Be3 e6 8. c4 Qd7 9. Nc3 Bxf3 10. Bxf3 Nxd4 11. Bxd4 Qxd4 12. Qa4 Qb6 13. a3 c6 14. b4 Rd3 15. Rac1 Kc7 16. Be2 Rd4 17. c5 Bxc5 18. bxc5 Rxa4 19. cxb6+ Kxb6 20. Nxa4+ 1-0

[Event "Senior DM 65+ 2024"]
[Site "Aarhus"]
[Date "2024.02.14"]
[Round "3.10"]
[White "Olesen, Poul Erik Norgaard"]
[Black "Sorensson, Dan"]
[Result "1-0"]
[WhiteElo "1959"]
[BlackElo "1709"]
[PlyCount "109"]
[EventDate "2024.02.12"]
[EventType "swiss"]
[EventRounds "7"]
[EventCountry "DEN"]
[SourceTitle "Live v. Thomas Vestergaard"]

1. f4 d5 2. b3 Nf6 3. Bb2 c5 4. e3 Nc6 5. Nf3 Bg4 6. h3 Bxf3 7. Qxf3 e6 8. Bb5 a6 9. Bxc6+ bxc6 10. O-O Be7 11. Nc3 O-O 12. d3 d4 13. Ne4 Nd5 14. exd4 cxd4 15. Bxd4 Nxf4 16. Bb2 Ng6 17. d4 Qb6 18. c4 c5 19. Rad1 Rac8 20. d5 exd5 21. Rxd5 Rcd8 22. Rfd1 Rxd5 23. Rxd5 Rd8 24. Qc3 f6 25. Qd3 Ne5 26. Bxe5 fxe5 27. Rxd8+ Qxd8 28. Qxd8+ Bxd8 29. Kf2 Be7 30. Ke3 Kf7 31. Nc3 Ke6 32. Ke4 g6 33. Nd5 Bd8 34. g4 Kd6 35. a3 Bg5 36. a4 Bd8 37. Ne3 Be7 38. Nf1 Bh4 39. Ne3 Be7 40. Nd5 Bd8 41. Kd3 Kc6 42. b4 cxb4 43. Nxb4+ Kb6 44. Ke4 a5 45. Nd3 Kc6 46. Kxe5 Kd7 47. Kd5 Bc7 48. Nc5+ Ke7 49. Kc6 Bd6 50. Nb7 Bb4 51. Kb5 Kd7 52. Nxa5 Bxa5 53. Kxa5 Kc6 54. Kb4 Kb6 55. a5+ 1-0

[Event "Senior DM 65+ 2024"]
[Site "Aarhus"]
[Date "2024.02.14"]
[Round "3.12"]
[White "Lavrsen, Frands Winther"]
[Black "Johnsen, Oystein"]
[Result "0-1"]
[WhiteElo "1691"]
[BlackElo "1820"]
[PlyCount "60"]
[EventDate "2024.02.12"]
[EventType "swiss"]
[EventRounds "7"]
[EventCountry "DEN"]
[SourceTitle "Live v. Thomas Vestergaard"]

1. f4 d5 2. Nf3 Bf5 3. g3 e6 4. Bg2 Nf6 5. d3 Be7 6. O-O Nbd7 7. Nbd2 h5 8. c4 c6 9. h3 Qb6+ 10. Kh2 Ng4+ 11. hxg4 hxg4+ 12. Nh4 Bxh4 13. gxh4 Rxh4+ 14. Kg3 Rh8 15. e4 Bg6 16. Qe2 O-O-O 17. Qf2 Qc7 18. b4 Nf6 19. Bh1 Rh3+ 20. Kg2 Rdh8 21. Qd4 Rh2+ 22. Kg1 Rxh1+ 23. Kg2 R8h2+ 24. Kg3 Nh5+ 25. Kxg4 f5+ 26. exf5 Bxf5+ 27. Kf3 Be4+ 28. Nxe4 dxe4+ 29. Qxe4 Rxf1+ 30. Kg4 Nf6+ 0-1

[Event "Senior DM 65+ 2024"]
[Site "Aarhus"]
[Date "2024.02.14"]
[Round "3.13"]
[White "Kristensen, Lars Ostergaard"]
[Black "Poulsen, Knud"]
[Result "0-1"]
[WhiteElo "1585"]
[BlackElo "1780"]
[PlyCount "102"]
[EventDate "2024.02.12"]
[EventType "swiss"]
[EventRounds "7"]
[EventCountry "DEN"]
[SourceTitle "Live v. Thomas Vestergaard"]

1. f4 d5 2. Nf3 g6 3. e3 Bg7 4. d4 Bg4 5. Be2 Nf6 6. O-O e6 7. Bd2 Nbd7 8. Qe1 Ne4 9. Bb4 h5 10. Nbd2 Ndf6 11. Nxe4 dxe4 12. Ne5 Bxe2 13. Qxe2 c6 14. Nc4 Bf8 15. Bxf8 Kxf8 16. Ne5 Kg7 17. c4 Qe7 18. Rad1 Rad8 19. Rd2 Ng4 20. Nxg4 hxg4 21. Qxg4 Rh5 22. Rfd1 f6 23. Qe2 Qf7 24. g4 Rh4 25. Rf1 Rdh8 26. Qg2 f5 27. gxf5 exf5 28. Kh1 Rxh2+ 29. Qxh2 Rxh2+ 30. Rxh2 Qxc4 31. Rg1 Qxa2 32. Rg3 Qb1+ 33. Rg1 Qd3 34. Rh3 Qe2 35. Rg2 Qf1+ 36. Kh2 Qc4 37. Rhg3 Qf7 38. Kg1 a5 39. Rh3 b5 40. Rgh2 Qc4 41. Rh7+ Kf6 42. Rh8 Qc1+ 43. Kf2 Qd2+ 44. Kf1 Qxe3 45. Rf8+ Ke7 46. Rhh8 Qxf4+ 47. Kg2 Qf3+ 48. Kg1 e3 49. Re8+ Kf6 50. d5 cxd5 51. b4 Qf2+ 0-1